000 00896cab a2200241 4500
001 ABS57712
008 090401t1997 xxu||||| |||| 00| 0 eng d
035 _a(Sirsi) u81847
041 _aeng
245 _aRowe v Herman and others
260 _c1997
350 _a0
490 _aWeekly Law Reports
_v[1997] 1 WLR 1390-1395(6)
520 _aCA 7 May 1997. Considers whether first defendant liable for independent contractor`s negligence, after metal plates were left behind on a highway after completion of work, causing the plaintiff to trip and fracture ankle. Appeal by first defendant allowed as the obstruction was not a necessary part of the contract work.
650 _aGARAGES
650 _aINDEPENDENT CONTRACTOR
650 _aINJURY
650 _aLIABILITY
650 _aNEGLIGENCE
690 _aBUILDING AND CONSTRUCTION-CASE LAW
942 _n0
948 _c03/11/1997
999 _c51610
_d51610